000 00791nam a22002057a 4500
003 OSt
005 20241004114428.0
008 240819b ||||| |||| 00| 0 eng d
040 _c0
082 _aDPer 370.15 J826 April - May 2021 v113no. 3-4
100 _aRojas, Natalia M.
_eauthor.
_962273
245 _aPatterns of preschool teachers' use of discourse strategies with individual spanish-speaking dual language learners /
_cNatalia M. Rojas.
260 _aWashington;
_b American Psychological Association,
_c April 2021.
300 _avolume 113, pages 446-461,
_billustration.
650 0 _aPsychology.
_91184
650 0 _aPreschool education.
_948611
650 0 _aDiscourse analysis
_xStudy and teaching.
_931647
700 _aRojas, Natalia M.
_eauthor.
_962273
942 _2ddc
_cPER
999 _c20627
_d20627